| 000 | 00447nam a2200157 i 4500 | ||
|---|---|---|---|
| 001 | 41814 | ||
| 003 | ES-MaACL | ||
| 005 | 20230906160510.0 | ||
| 007 | t| | ||
| 008 | 030311s1973 sp ||||1| spa d | ||
| 100 | 1 |
_aCastaño, Adolfo. _936422 |
|
| 245 | 1 | 0 |
_aEs decir, cada uno según su naturaleza / _cAdolfo Castaño. |
| 260 |
_aMadrid : _b[Fundamentos : _b[Felmar, _c1973] |
||
| 300 |
_a59 p. ; _c17 cm. |
||
| 852 |
_aES-MaACL _jC-55390 _bR.87828 |
||
| 999 |
_c41814 _d41814 |
||